Зеркало: повести

Detalles Bibliográficos
Autor Principal: Павлов А. Е. Андрей Евгеньевич
Outros autores: Перов В. В. (иллюстратор)
Summary:Исключено из фонда НТБ ТПУ
Idioma:ruso
Publicado: Куйбышев, Куйбышевское книжное издательство, 1986
Formato: MixedMaterials Libro
KOHA link:https://koha.lib.tpu.ru/cgi-bin/koha/opac-detail.pl?biblionumber=146718

MARC

LEADER 00000nam0a2200000 4500
001 146718
005 20231031144739.0
020 |a RU  |b 86-26295 
035 |a (RuTPU)RU\TPU\book\159044 
090 |a 146718 
100 |a 20081101d1986 m y0rusy5003 ca 
101 0 |a rus 
102 |a RU 
105 |a a z 000ay 
200 1 |a Зеркало  |e повести  |f А. Е. Павлов  |g худож. В. В. Перов 
210 |a Куйбышев  |c Куйбышевское книжное издательство  |d 1986 
215 |a 251,[2] с.  |c ил. 
333 |a Исключено из фонда НТБ ТПУ 
700 1 |a Павлов  |b А. Е.  |g Андрей Евгеньевич 
702 1 |a Перов  |b В. В.  |4 440 
801 0 |a RU  |b RuMRKP  |c 19950704  |g psbo 
801 1 |a RU  |b 63413507  |c 20081101  |g PSBO 
801 2 |a RU  |b 63413507  |c 20220516  |g PSBO 
942 |c BK